What wives wish their husbands knew about women. (Record no. 14622)

000 -LEADER
fixed length control field 00762nam a2200229 a 4500
001 - CONTROL NUMBER
control field :::00012454$&:&@@
003 - CONTROL NUMBER IDENTIFIER
control field OkBaRHE
005 - DATE AND TIME OF LATEST TRANSACTION
control field 20001107135319.0
008 - FIXED-LENGTH DATA ELEMENTS--GENERAL INFORMATION
fixed length control field s1975 j 000 0 eng u
020 ## - INTERNATIONAL STANDARD BOOK NUMBER
International Standard Book Number 0842378901
040 ## - CATALOGING SOURCE
Transcribing agency
100 1# - MAIN ENTRY--PERSONAL NAME
Personal name Dobson, James C., 1936-
245 10 - TITLE STATEMENT
Title What wives wish their husbands knew about women.
260 ## - PUBLICATION, DISTRIBUTION, ETC. (IMPRINT)
Place of publication, distribution, etc Wheaton, IL., :
Name of publisher, distributor, etc Tyndale House
Date of publication, distribution, etc 1975
300 ## - PHYSICAL DESCRIPTION
Extent 189 p. : illus. ;
Dimensions 22 cm.
650 ## - SUBJECT ADDED ENTRY--TOPICAL TERM
Topical term or geographic name as entry element Interpersonal Relations
650 ## - SUBJECT ADDED ENTRY--TOPICAL TERM
Topical term or geographic name as entry element Marriage
650 ## - SUBJECT ADDED ENTRY--TOPICAL TERM
Topical term or geographic name as entry element Women
General subdivision Psychology
942 ## - ADDED ENTRY ELEMENTS (KOHA)
Source of classification or shelving scheme
Koha item type Books
Copies
Shelving location Withdrawn status Not for loan Permanent Location Copy number Damaged status Date acquired Lost status Barcode Price effective from Koha item type Source of classification or shelving scheme Date last seen Full call number
General Stacks  RHEMA Bible Training College1 2010-04-14 124542010-04-14Books 2010-04-14HQ 734 .D63
General Stacks  RHEMA Bible Training College2 2010-04-14 185232010-04-14Books 2010-04-14HQ 734 .D63